00506nam a22001577a 450000500170000001000150001702000260003203500130005803700130007108200080008424500790009226000560017127000680022730000210029570000320031620160720111558.0 aENG-115452 a9789385493454c150.00 aEN-98984 bDBAD/PUB a340 aRathore IAS mains law (optional) /ceditied by kunwar Ishwar Singh Rathore aNew DelhiibRathore Publishers & Disrtibutorsc2016 a202, 2nd Floor 4832/24 Ansari Road,DaryaganjbNew Delhie110002 a165p.c24cm(pbk) dRathore,Kunwar Ishwar Singh